00225nam a2200085Ia 4500008004100000041000800041100001700049245003600066260003700102231107s1997 xx 000 0 und d aeng aTakamatsu S. aGA Architect 9 ; Shin Takamatsu aTokyobA.D.A. Editta pub. c1997